| 000 | 01062cam a2200325 a 4500 | ||
|---|---|---|---|
| 001 | 516845 | ||
| 003 | OSt | ||
| 005 | 20151027113420.0 | ||
| 008 | 860714s1987 ilu b 001 0 eng | ||
| 010 | _a 86019128 | ||
| 020 | _a9710861646 | ||
| 040 |
_aDLC _cDLC _dDLC |
||
| 050 | 0 | 0 |
_aLB 2369 _b.T929 1996 |
| 082 | 0 | 0 |
_aIB 808.02 _bT84 1996 |
| 100 | 1 | _aTurabian, Kate L. | |
| 245 | 1 | 2 |
_aA manual for writers of term papers, theses, and dissertations _cKate L. Turabian. |
| 250 |
_a6th ed. / _brevised by John Grossman and Alice Bennett |
||
| 260 |
_aChicago : _bUniversity of Chicago Press, _cc1996. |
||
| 300 |
_a308 p. : _c22 cm. |
||
| 440 | 0 | _aChicago guides to writing, editing, and publishing | |
| 500 | _aIncludes index. | ||
| 504 | _aBibliography: p. 281-282. | ||
| 562 | _e1 | ||
| 650 | 0 |
_aDissertations, Academic _xHandbooks, manuals, etc. |
|
| 650 | 0 |
_aAcademic writing _xHandbooks, manuals, etc. |
|
| 700 | 1 | _aHonigsblum, Bonnie Birtwistle. | |
| 906 |
_a7 _bcbc _corignew _d1 _eocip _f19 _gy-gencatlg |
||
| 942 |
_2lcc _cBK |
||
| 999 |
_c2246 _d2246 |
||